Estadísticas para País por imagen de su líder - 1850

Haz click aquí para intentar la prueba.

Estadísticas generales

  • Esta prueba ha sido intentada 50 veces
  • La puntuación promedio es 9 de 16

Estadísticas de respuestas

Respuesta% Correcto
Rusia
100%
Francia
93%
Estados Unidos
89%
Japón
86%
Reino de Cerdeña
84%
Austria
82%
España
77%
Prusia
66%
Imperio otomano
61%
Estados Pontificios
52%
Brasil
41%
Países Bajos
32%
Portugal
32%
Zulú
20%
Haití
18%
Baviera
11%

Distribución de puntuación

Porcentaje por número respondido

Porcentaje de gente con cada puntuación

Historial de tus puntuaciones

No has intentado esta prueba.